Ese bolero es mío : (Registro nro. 14062)

Detalles MARC
000 -LEADER
fixed length control field 00791nam a2200253 a 4500
001 - CONTROL NUMBER
control field
003 - CONTROL NUMBER IDENTIFIER
control field DO-SdBNP
005 - DATE AND TIME OF LATEST TRANSACTION
control field 20220310125513.0
008 - FIXED-LENGTH DATA ELEMENTS--GENERAL INFORMATION
fixed length control field 100324s2009 dr a 001 0 spa d
020 ## - INTERNATIONAL STANDARD BOOK NUMBER
International Standard Book Number 9789945404210
040 ## - CATALOGING SOURCE
Original cataloging agency DO-SdBNP
Language of cataloging spa
Transcribing agency BPMSU
082 ## - DEWEY DECIMAL CLASSIFICATION NUMBER
Classification number 782.43
Item number E75b 2009
Edition number 22
245 00 - TITLE STATEMENT
Title Ese bolero es mío :
Remainder of title cancionero latinoamericano y dominicano /
Statement of responsibility, etc. compilador León Félix Batista.
260 ## - PUBLICATION, DISTRIBUTION, ETC. (IMPRINT)
Place of publication, distribution, etc. Santo Domingo :
Name of publisher, distributor, etc. Secretaría de Estado de Cultura,
Date of publication, distribution, etc. 2009.
300 ## - PHYSICAL DESCRIPTION
Extent 148 p. :
Other physical details il. ;
Dimensions 18 cm.
590 ## - LOCAL NOTE (RLIN)
Local note Inventariado, 2018/LP
650 #4 - SUBJECT ADDED ENTRY--TOPICAL TERM
Topical term or geographic name as entry element Cancioneros
650 #4 - SUBJECT ADDED ENTRY--TOPICAL TERM
Topical term or geographic name as entry element Canciones dominicanas
650 #4 - SUBJECT ADDED ENTRY--TOPICAL TERM
Topical term or geographic name as entry element Canciones latinoamericanas
650 #4 - SUBJECT ADDED ENTRY--TOPICAL TERM
Topical term or geographic name as entry element Música popular
700 1# - ADDED ENTRY--PERSONAL NAME
Personal name Batista, León Félix,
Dates associated with a name 1964-
Relator term comp.
910 ## - USER-OPTION DATA (OCLC)
User-option data VMateo V.
942 ## - ADDED ENTRY ELEMENTS (KOHA)
Source of classification or shelving scheme Dewey Decimal Classification
Koha item type Libros
Existencias
Withdrawn status Lost status Source of classification or shelving scheme Damaged status Not for loan Collection code Home library Current library Date acquired Total Checkouts Full call number Barcode Date last seen Price effective from Koha item type Copy number
    Dewey Decimal Classification     Colección Dominicana Biblioteca Pública Metropolitana Salomé Ureña Biblioteca Pública Metropolitana Salomé Ureña 03/11/2022   BPMSU CD 782.43 E75b 2009 BPMSU22030024 03/11/2022 03/11/2022 Libros  
    Dewey Decimal Classification     Colección Dominicana Biblioteca Pública Metropolitana Salomé Ureña Biblioteca Pública Metropolitana Salomé Ureña 03/11/2022   BPMSU CD 782.43 E75b 2009 BPMSU26050086 05/19/2026 03/11/2022 Libros e.2